<?xml version="1.0" encoding="UTF-8"?>
<marc:record xmlns:marc="http://www.loc.gov/MARC21/slim">
   <marc:leader>00000nam a2200000 a 4500</marc:leader>
   <marc:datafield ind1="1" ind2=" " tag="100">
      <marc:subfield code="a">Hartlieb, Petra</marc:subfield>
      <marc:subfield code="4">aut</marc:subfield>
      <marc:subfield code="e">Verfasser/-in</marc:subfield>
   </marc:datafield>
   <marc:datafield ind1="0" ind2="0" tag="245">
      <marc:subfield code="a">Wenn es Frühling wird in Wien</marc:subfield>
   </marc:datafield>
   <marc:datafield ind1=" " ind2="1" tag="264">
      <marc:subfield code="b">DuMont</marc:subfield>
      <marc:subfield code="c">2018</marc:subfield>
   </marc:datafield>
   <marc:datafield ind1="1" ind2=" " tag="520">
      <marc:subfield code="a">Wien, 1912. Nach einer Kindheit in Armut hat Marie Haidinger es geschafft. Seit wenigen Monaten ist sie Kindermädchen in der Sternwartestraße 71 - dem Haushalt des berühmten Schriftstellers Arthur Schnitzler im gediegenen Cottage-Viertel. Als sie für ihren Dienstherrn in der nahe gelegenen Buchhandlung auf der Währinger Straße ein Buch abholt, lernt sie eine völlig neue Welt kennen: Die Welt der Bücher. Und Oskar, den ebenso charmanten wie mittellosen Buchhändler, der ihr schon bald Avancen macht. Aber meint Oskar es auch ernst mit ihr?
Wie brüchig das Glück sein kann, wird Marie klar, als Sophie, das Dienstmädchen der Schnitzlers, nach einer Abtreibung fast stirbt. Und als sie zufällig mithört, dass der Hausherr Oskar spätabends im feinen "Sacher" gesehen hat - in Begleitung einer überaus hübschen jungen Dame ...
Vor dem Hintergrund der Werke Arthur Schnitzlers und genau recherchierter historischer Ereignisse lässt Petra Hartlieb das Wien des großen Dichters wiederauferstehen -
vom Dienstbotentrakt bis in die glamourösen Salons der freigeistigen Intellektuellen der Zeit.</marc:subfield>
   </marc:datafield>
   <marc:datafield ind1=" " ind2=" " tag="020">
      <marc:subfield code="a">9783832198480</marc:subfield>
      <marc:subfield code="9">9783832198480</marc:subfield>
   </marc:datafield>
</marc:record>
